Sports Quiz

Random Sports or Soccer Quiz
Score 0/162 Timer 20:00
0 Plays Today
Pays Ville % Correct
AllemagneBerlin
92.5%
AllemagneMunich
92.5%
FranceSaint-Denis
92.1%
FranceColombes
91.7%
FranceParis
91.7%
AngleterreLondres
89.4%
FranceMarseille
89%
FranceLyon
87.3%
AngleterreManchester
86.8%
EspagneMadrid
85.7%
BrésilRio de Janeiro
85%
EspagneBarcelone
84.9%
FranceBordeaux
82%
FranceLille
81.5%
AllemagneDortmund
80.9%
AngleterreLiverpool
80.9%
EspagneSéville
79.5%
ItalieRome
77.9%
ItalieMilan
77.1%
ItalieTurin
75%
EspagneValence
74.4%
FranceNantes
74.4%
FranceLens
74.1%
Etats-UnisEast Rutherford-New York
73.8%
ArgentineBuenos Aires
72.8%
Afrique du SudJohannesbourg
72.7%
FranceSaint-Etienne
70%
FranceToulouse
69.3%
AllemagneHambourg
69%
Corée du SudSéoul
69%
ItalieNaples
68.9%
RussieMoscou
68.2%
Etats-UnisPasadena-Los Angeles
67.9%
BrésilBrasilia
66.5%
Afrique du SudLe Cap
66.2%
EspagneBilbao
65.6%
MexiqueMexico
65.1%
FranceStrasbourg
63.1%
ChiliSantiago
62.4%
AllemagneCologne
61.4%
FranceMontpellier
60.4%
UruguayMontevideo
59.8%
RussieSaint-Pétersbourg
59.4%
AllemagneStuttgart
59.3%
BrésilSao Paulo
58.1%
Etats-UnisChicago
56.7%
SuisseBerne
56.3%
Etats-UnisWashington
56%
ItalieFlorence
52.5%
SuèdeStockholm
51.1%
Afrique du SudPretoria
49.8%
AllemagneFrancfort
49.6%
AngleterreBirmingham
48.9%
SuisseZurich
47.9%
Pays Ville % Correct
AllemagneLeipzig
47.4%
EspagneMalaga
46.4%
ItalieGênes
46.3%
SuisseGenève
46.1%
Etats-UnisDallas
44.7%
AllemagneGelsenkirchen
41.4%
Etats-UnisSan Francisco
40.6%
Etats-UnisFoxborough-Boston
40.3%
SuisseBâle
40.3%
FranceReims
40.2%
ItaliePalerme
40%
RussieSotchi
38.6%
SuèdeMalmö
38.3%
EspagneLa Corogne
36.9%
AllemagneHanovre
36.6%
EspagneVigo
35.8%
ItalieBari
35.8%
ItalieBologne
35.8%
AllemagneDüsseldorf
35.1%
ItalieVérone
34.2%
ItalieCagliari
34.1%
MexiqueGuadalajara
32.2%
RussieKazan
31.3%
AllemagneNuremberg
31.1%
Etats-UnisOrlando
29.8%
SuisseLausanne
29.8%
EspagneSaragosse
29.4%
EspagneValladolid
29%
SuèdeGöteborg
29%
ArgentineRosario
27.9%
BrésilManaus
27.4%
JaponOsaka
27.2%
JaponYokohama
27%
ItalieUdine
26.6%
Afrique du SudDurban
26.2%
Etats-UnisPontiac-Détroit
26%
BrésilBelo Horizonte
24.9%
FranceLe Havre
24.9%
EspagneGijon
24.8%
AllemagneKaiserslautern
24.2%
AngleterreSunderland
23.3%
BrésilPorto Alegre
21.8%
BrésilRecife
21.6%
BrésilSao Lourenço-Recife
21.6%
AngleterreSheffield
21.4%
RussieRostov
19.5%
EspagneAlicante
19%
ArgentineCordoba
18.5%
JaponKobe
18%
MexiqueMonterrey
17.4%
BrésilSalvador
17.1%
Afrique du SudBloemfontein
16.8%
RussieIekaterinbourg
15.8%
Corée du SudBusan
14.3%
Pays Ville % Correct
RussieKaliningrad
14.3%
BrésilFortaleza
14%
EspagneOviedo
13.9%
Corée du SudDaegu
12.9%
SuisseLugano
12.7%
RussieNijni Novgorod
12.2%
Afrique du SudPort Elizabeth
11.9%
RussieSamara
11.5%
BrésilCuritiba
10.9%
EspagneElche
10.9%
JaponSapporo
10.9%
ArgentineMar del Plata
10.7%
MexiqueLeon
10.5%
RussieVolgograd
10.5%
AngleterreMiddlesbrough
10.2%
ArgentineMendoza
9.8%
Corée du SudIncheon
9.1%
MexiquePuebla
9.1%
FranceAntibes
8.2%
SuèdeHelsingborg
7.8%
MexiqueToluca
7.6%
Afrique du SudPolokwane
7.5%
BrésilNatal
6.8%
ItalieTrieste
6.8%
Corée du SudUlsan
6.5%
JaponOita
6.4%
Afrique du SudNelspruit
6.2%
SuèdeNorrköping
6.1%
BrésilCuiaba
5.8%
Corée du SudSuwon
5.8%
Corée du SudGwangju
5.7%
RussieSaransk
5.4%
JaponSaitama
5.1%
Afrique du SudRustenburg
4.5%
ChiliVina del Mar
4.4%
SuèdeHalmstad
4.1%
ChiliArica
3.8%
Corée du SudJeonju
3.8%
Corée du SudSeogwipo
3.8%
MexiqueNezahualcoyotl
3.7%
MexiqueQuerétaro
3.7%
SuèdeBoras
3.7%
SuèdeÖrebro
3.7%
JaponIbaraki
3.5%
JaponNiigata
3.5%
Corée du SudDaejeon
3.1%
JaponShizuoka
3.1%
MexiqueIrapuato
3.1%
SuèdeUddevalla
3%
SuèdeVästeras
3%
JaponMiyagi
2.4%
SuèdeSandviken
2.4%
SuèdeEskilstuna
1.8%
ChiliRancagua
1.7%
Remove Ads.
Support Sporcle.
Get the best of Sporcle when you Go Orange. This ad-free experience offers more features, more stats, and more fun while also helping to support Sporcle. Thank you for becoming a member.

You're not logged in!

Compare scores with friends on all Sporcle quizzes.
OR
Log In

Sporcle TV

Today on Sporcle TV


Watch our educational content, quiz creation guides, and fun videos on Sporcle TV.

Show Comments

Extras

Top Quizzes Today


Score Distribution

Paid Content

Your Account Isn't Verified!

In order to create a playlist on Sporcle, you need to verify the email address you used during registration. Go to your Sporcle Settings to finish the process.

Report this User

Report this user for behavior that violates our Community Guidelines.

Details: